00401nam a2200145Ia 4500003000600000005001700006008004100023040000800064082001700072100001800089245006000107260005300167300001000220650002500230GBCCL20241126110448.0171108b xxu||||| |||| 00| 0 eng d cgbc a262.107bKRU aKrueger, Kurt aMen as leaders :bstudy guide individual or group study bConcordia publishing house, aSt. Louis :c1998. a104p. aChristian leadership